[Event "WchT Seniors 65"]
[Site "Struga"]
[Date "2023.09.20"]
[Round "2.4"]
[White "Gottschall, Ina"]
[Black "Rantanen, Veikko J"]
[Result "0-1"]
[WhiteElo "1669"]
[BlackElo "1861"]
[PlyCount "106"]
[EventDate "2023.09.19"]
[EventType "team-swiss"]
[EventRounds "9"]
[EventCountry "MKD"]
[SourceTitle "EXT 2024"]
[Source "ChessBase"]
[SourceDate "2023.10.10"]
[SourceVersion "1"]
[SourceVersionDate "2023.10.10"]
[SourceQuality "1"]
[WhiteTeam "Germany 65 (W)"]
[BlackTeam "Finland Turku 65"]
[WhiteTeamCountry "GER"]
[BlackTeamCountry "FIN"]

1. d4 Nf6 2. c4 g6 3. Nf3 Bg7 4. Nc3 d5 5. cxd5 Nxd5 6. e4 Nxc3 7. bxc3 0-0 8. Be3 c5 9. Be2 Qa5 10. Qc2 cxd4 11. Bxd4 e5 12. Be3 Nc6 13. 0-0 Qc7 14. Rfd1 b6 15. Rd2 Bb7 16. Rad1 Rad8 17. Rxd8 Rxd8 18. Rxd8+ Nxd8 19. Nd2 Ne6 20. Qb3 Nd8 21. Bc4 Bc8 22. Bd5 Bd7 23. Bg5 Be8 24. Qc4 Qd7 25. Qa6 Ne6 26. Bxe6 fxe6 27. g3 Qc7 28. Qc4 Qd7 29. Kg2 Kf7 30. Qe2 Qc7 31. Qf3+ Kg8 32. Qd3 Bd7 33. Be7 Bf8 34. Bxf8 Kxf8 35. c4 Bc6 36. Qa3+ Qe7 37. Qf3+ Kg7 38. Qc3 Qd6 39. f3 Qd4 40. Qb4 Kf7 41. Nb3 Qe3 42. Qd2 Qxd2+ 43. Nxd2 Ke7 44. Kf2 Kd6 45. Ke3 Kc5 46. f4 exf4+ 47. Kxf4 Kd4 48. e5 Kc3 49. Nb3 Kxc4 50. Kg5 Bd5 51. Kf6 a5 52. Nxa5+ bxa5 53. g4 Kd4 0-1

[Event "GER-chT Federal Cup (Women)"]
[Site "Braunfels"]
[Date "2022.06.16"]
[Round "1.40"]
[White "Gottschall, Ina"]
[Black "Weinmann, Helene"]
[Result "1-0"]
[WhiteElo "1612"]
[BlackElo "1468"]
[PlyCount "79"]
[EventDate "2022.06.15"]
[EventType "team-swiss"]
[EventRounds "5"]
[EventCountry "GER"]
[SourceTitle "EXT 2023"]
[Source "ChessBase"]
[SourceDate "2022.10.05"]
[SourceVersion "1"]
[SourceVersionDate "2022.10.05"]
[SourceQuality "1"]

1. d4 Nf6 2. c4 d5 3. Nc3 e6 4. Bg5 Be7 5. h3 Nbd7 6. e3 0-0 7. Nf3 dxc4 8. Bxc4 Nb6 9. Bb3 Bd7 10. Ne5 Be8 11. 0-0 Nfd5 12. Bxe7 Nxe7 13. Qd3 c6 14. Bc2 Ng6 15. Ne2 Nd5 16. a3 Nf6 17. Rad1 Qc7 18. Nxg6 hxg6 19. Qb3 Nd5 20. Ng3 Qb6 21. Rd3 Qxb3 22. Bxb3 Bd7 23. Ne4 Rad8 24. Rfd1 Bc8 25. h4 f6 26. g3 b6 27. Nc3 Ba6 28. R3d2 Kf7 29. e4 Ne7 30. d5 cxd5 31. exd5 exd5 32. Nxd5 Nxd5 33. Bxd5+ Ke7 34. Re1+ Kd6 35. Bb7+ Kc7 36. Re7+ Kb8 37. Rxd8+ Rxd8 38. Bxa6 Rd2 39. Rb7+ Ka8 40. Rxg7 1-0

[Event "GER-chT Federal Cup (Women)"]
[Site "Braunfels"]
[Date "2021.10.24"]
[Round "5.8"]
[White "Sereda, Yaroslava"]
[Black "Gottschall, Ina"]
[Result "1/2-1/2"]
[WhiteElo "1777"]
[BlackElo "1633"]
[PlyCount "45"]
[EventDate "2021.10.19"]
[EventType "team-tourn"]
[EventRounds "5"]
[EventCountry "GER"]
[SourceTitle "CBM 204 Extra"]
[Source "ChessBase"]
[SourceDate "2021.11.30"]
[SourceVersion "1"]
[SourceVersionDate "2021.11.30"]
[SourceQuality "1"]

1. e4 g6 2. d4 Bg7 3. Nc3 d6 4. Be3 Nf6 5. h3 0-0 6. Qd2 c5 7. dxc5 dxc5 8. Qxd8 Rxd8 9. Bxc5 e6 10. Nf3 b6 11. Be3 Bb7 12. Bd3 Nbd7 13. 0-0 Rac8 14. Nd2 Nc5 15. Bxc5 Rxc5 16. f4 Nh5 17. Nb3 Rcc8 18. e5 Ng3 19. Rf2 Nf5 20. Kh2 Ne3 21. Ne4 Bxe4 22. Bxe4 Nd1 23. Rd2 1/2-1/2

[Event "GER-chT Federal Cup (Women)"]
[Site "Braunfels"]
[Date "2021.10.22"]
[Round "3.32"]
[White "Gottschall, Ina"]
[Black "Racky, Selina"]
[Result "1-0"]
[WhiteElo "1633"]
[BlackElo "1418"]
[PlyCount "95"]
[EventDate "2021.10.19"]
[EventType "team-tourn"]
[EventRounds "5"]
[EventCountry "GER"]
[SourceTitle "CBM 204 Extra"]
[Source "ChessBase"]
[SourceDate "2021.11.30"]
[SourceVersion "1"]
[SourceVersionDate "2021.11.30"]
[SourceQuality "1"]

1. d4 d5 2. c4 c6 3. Nc3 Bf5 4. Nf3 e6 5. cxd5 exd5 6. e3 Bd6 7. Bd3 Bxd3 8. Qxd3 Nf6 9. 0-0 0-0 10. Re1 Re8 11. e4 Bb4 12. e5 Ne4 13. a3 Bxc3 14. bxc3 Nd7 15. Nd2 Nxd2 16. Bxd2 Nb6 17. Re3 Nc4 18. Rh3 g6 19. Bh6 f6 20. f4 f5 21. Bg5 Qd7 22. Rh6 Rac8 23. Bf6 Rc7 24. Qg3 Nd2 25. Re1 Ne4 26. Rxe4 dxe4 27. h4 Re6 28. h5 Rxf6 29. exf6 Qf7 30. hxg6 hxg6 31. Qxg6+ Qxg6 32. Rxg6+ Kh7 33. Rg5 Rf7 34. Rxf5 Kg6 35. Re5 Kxf6 36. Rxe4 Kf5 37. Re3 Rd7 38. g3 b6 39. Kg2 Rd5 40. Re5+ Rxe5 41. fxe5 c5 42. Kf3 cxd4 43. cxd4 b5 44. g4+ Ke6 45. Ke4 a5 46. d5+ Ke7 47. Kd4 a4 48. Ke4 1-0

[Event "GER-chT Federal Cup (Women)"]
[Site "Braunfels"]
[Date "2021.10.21"]
[Round "1.32"]
[White "Gottschall, Ina"]
[Black "Kanno, Clara Yumi"]
[Result "0-1"]
[WhiteElo "1633"]
[BlackElo "1085"]
[PlyCount "71"]
[EventDate "2021.10.19"]
[EventType "team-tourn"]
[EventRounds "5"]
[EventCountry "GER"]
[SourceTitle "CBM 204 Extra"]
[Source "ChessBase"]
[SourceDate "2021.11.30"]
[SourceVersion "1"]
[SourceVersionDate "2021.11.30"]
[SourceQuality "1"]

1. d4 d5 2. c4 e6 3. Nc3 c5 4. cxd5 exd5 5. Nf3 Nc6 6. e3 Nf6 7. b3 Be6 8. Be2 Be7 9. 0-0 0-0 10. Ng5 Bf5 11. Bd3 Bxd3 12. Qxd3 h6 13. Nf3 Qc7 14. dxc5 Nb4 15. Qd1 Qxc5 16. Bb2 Rfd8 17. Nd4 a6 18. a3 Nc6 19. Na4 Qd6 20. Nf5 Qe6 21. Nxe7+ Nxe7 22. Nc5 Qb6 23. Rc1 Nd7 24. Qg4 Nf6 25. Bxf6 Qxf6 26. Nxb7 Rdc8 27. Nc5 Nc6 28. Nd3 Rc7 29. Rc5 Qd6 30. Qf4 Qd7 31. Rfc1 Rac8 32. Nb4 d4 33. Nxc6 Rxc6 34. Qxd4 Rxc5 35. Qe4 R5c6 36. Qd4 0-1

[Event "BL2 Ost 1819 (Women)"]
[Site "Germany"]
[Date "2019.01.13"]
[Round "7.4"]
[White "Gottschall, Ina"]
[Black "Gempe, Anet"]
[Result "0-1"]
[WhiteElo "1645"]
[BlackElo "1968"]
[PlyCount "78"]
[EventDate "2018.10.27"]
[EventType "team-tourn"]
[EventRounds "7"]
[EventCountry "GER"]
[SourceTitle "CBM 190 Extra"]
[Source "ChessBase"]
[SourceDate "2019.07.15"]
[SourceVersion "1"]
[SourceVersionDate "2019.07.15"]
[SourceQuality "1"]
[WhiteTeam "Dresden USV TU (W)"]
[BlackTeam "Leipzig SG (W)"]
[WhiteTeamCountry "GER"]
[BlackTeamCountry "GER"]

1. d4 e6 2. c4 d5 3. Nc3 Nf6 4. Bg5 Be7 5. e3 h6 6. Bf4 0-0 7. cxd5 exd5 8. Bd3 c6 9. Qc2 Nbd7 10. h3 Re8 11. Nf3 Nf8 12. 0-0 Bd6 13. Ne2 Bxf4 14. Nxf4 Ne4 15. Ne5 Nd6 16. Qe2 Qg5 17. Qh5 Qxh5 18. Nxh5 Bf5 19. Bxf5 Nxf5 20. g4 Nd6 21. Rfe1 Re7 22. Rac1 f6 23. Nd3 Ne6 24. Kg2 Rae8 25. Nhf4 Kf7 26. Nxe6 Rxe6 27. Rc2 Nb5 28. Kf1 Re4 29. Rce2 g5 30. a4 Nd6 31. f3 R4e7 32. b3 h5 33. Nc5 f5 34. Nd3 hxg4 35. hxg4 Rh8 36. Ne5+ Kg7 37. Kg2 fxg4 38. Nxg4 Nf5 39. e4 Nxd4 0-1

[Event "GER-chT Federal Cup (Women)"]
[Site "Braunfels"]
[Date "2018.06.03"]
[Round "5.8"]
[White "Gottschall, Ina"]
[Black "Haehnel, Andrea"]
[Result "1/2-1/2"]
[WhiteElo "1651"]
[BlackElo "1757"]
[PlyCount "67"]
[EventDate "2018.05.31"]
[EventType "team-swiss"]
[EventRounds "5"]
[EventCountry "GER"]
[SourceTitle "EXT 2020"]
[Source "ChessBase"]
[SourceDate "2019.10.17"]
[SourceVersion "1"]
[SourceVersionDate "2019.10.17"]
[SourceQuality "1"]
[WhiteTeam "Sachsen (W)"]
[BlackTeam "Nordrhein Westfalen (W)"]
[WhiteTeamCountry "GER"]
[BlackTeamCountry "GER"]

1. d4 d5 2. c4 e6 3. Nc3 a6 4. Nf3 dxc4 5. e4 Nc6 6. Bxc4 b5 7. Bb3 Bb7 8. d5 exd5 9. Qxd5 Qxd5 10. Bxd5 Nf6 11. Ng5 Nxd5 12. Nxd5 Bd6 13. f4 Nd4 14. Kd1 h6 15. Nf3 Nxf3 16. gxf3 Bxd5 17. exd5 0-0-0 18. Bd2 Bc5 19. b4 Bb6 20. a4 bxa4 21. Rxa4 Rxd5 22. Rxa6 Kb7 23. Ra2 Be3 24. Ke2 Bxd2 25. Rxd2 Rxd2+ 26. Kxd2 Rd8+ 27. Kc3 Rd5 28. Re1 Rf5 29. Re4 g5 30. Kd4 Kc6 31. fxg5 hxg5 32. Ke3 Kb5 33. h4 gxh4 34. Rxh4 1/2-1/2

[Event "BL2 Ost 1718 (Women)"]
[Site "Germany"]
[Date "2018.02.17"]
[Round "6.5"]
[White "Gottschall, Ina"]
[Black "Heyme, Sibylle"]
[Result "0-1"]
[WhiteElo "1686"]
[BlackElo "2011"]
[PlyCount "54"]
[EventDate "2017.10.14"]
[EventType "team-tourn"]
[EventRounds "7"]
[EventCountry "GER"]
[SourceTitle "EXT 2019"]
[Source "ChessBase"]
[SourceDate "2018.10.10"]
[SourceVersion "1"]
[SourceVersionDate "2018.10.10"]
[SourceQuality "1"]
[WhiteTeam "Dresden USV TU (W)"]
[BlackTeam "Pankow Rotation (W)"]
[WhiteTeamCountry "GER"]
[BlackTeamCountry "GER"]

1. d4 Nf6 2. c4 c5 3. d5 b5 4. Nc3 bxc4 5. e4 d6 6. Bxc4 g6 7. Nf3 Bg7 8. 0-0 0-0 9. Rb1 Ba6 10. b3 Nfd7 11. Bd2 Nb6 12. Bxa6 Nxa6 13. a3 Nc7 14. Qc1 f5 15. Bh6 Qd7 16. Bxg7 Kxg7 17. Qb2 Kg8 18. Ng5 h6 19. Nh3 fxe4 20. Qd2 Kh7 21. Rbe1 Rf5 22. Rxe4 e5 23. dxe6 Nxe6 24. Rfe1 Re8 25. Qe3 Re5 26. Rxe5 dxe5 27. Qxe5 Ng7 0-1

[Event "Regionalliga Ost 1617 (Women)"]
[Site "Germany"]
[Date "2016.10.23"]
[Round "1.4"]
[White "Oswald, Hannah"]
[Black "Gottschall, Ina"]
[Result "0-1"]
[WhiteElo "1498"]
[BlackElo "1728"]
[PlyCount "84"]
[EventDate "2016.10.23"]
[EventType "team-tourn"]
[EventRounds "5"]
[EventCountry "GER"]
[SourceTitle "EXT 2018"]
[Source "ChessBase"]
[SourceDate "2017.10.13"]
[SourceVersion "1"]
[SourceVersionDate "2017.10.13"]
[SourceQuality "1"]
[WhiteTeam "Leipzig SG (W) II"]
[BlackTeam "Dresden USV TU (W)"]
[WhiteTeamCountry "GER"]
[BlackTeamCountry "GER"]

1. e4 g6 2. d4 Bg7 3. Nf3 d6 4. Bf4 Nf6 5. Nc3 0-0 6. Bc4 Nbd7 7. 0-0 c5 8. Be3 Nb6 9. Be2 Ng4 10. Bc1 Bd7 11. h3 Nf6 12. Be3 Rc8 13. Qd2 Na4 14. Nxa4 Bxa4 15. b3 Bc6 16. e5 Ne4 17. Qd3 dxe5 18. dxe5 Qxd3 19. Bxd3 b6 20. Bf4 Nc3 21. Nd2 Rcd8 22. Rfe1 Nd5 23. Bg3 Nb4 24. Re3 Nxc2 25. Bxc2 Rxd2 26. Bb1 Rd1+ 27. Kh2 Rfd8 28. f3 R8d2 29. Be1 Rb2 30. Be4 Rxa1 31. Bc3 Bxe4 32. Bxb2 Rxa2 33. Rxe4 Rxb2 34. Re3 Bh6 35. Rd3 Bf4+ 36. Kg1 Bxe5 37. Rd7 e6 38. Rxa7 Rxb3 39. Rb7 c4 40. Rd7 c3 41. Rd3 Rb2 42. Re3 Bd4 0-1

[Event "GER-chT Federal Cup (Women)"]
[Site "Braunfels"]
[Date "2015.06.04"]
[Round "1.7"]
[White "Gottschall, Ina"]
[Black "Tinnes, Marie Christine"]
[Result "1-0"]
[WhiteElo "1573"]
[BlackElo "1153"]
[PlyCount "59"]
[EventDate "2015.06.04"]
[EventType "team-swiss"]
[EventRounds "5"]
[EventCountry "GER"]
[SourceTitle "CBM 167 Extra"]
[Source "ChessBase"]
[SourceDate "2015.09.14"]
[SourceVersion "1"]
[SourceVersionDate "2015.09.14"]
[SourceQuality "1"]
[WhiteTeam "Sachsen (W)"]
[BlackTeam "Saarland (W)"]
[WhiteTeamCountry "GER"]
[BlackTeamCountry "GER"]

1. d4 c6 2. c4 d5 3. Nc3 Bf5 4. Nf3 dxc4 5. e4 Bg6 6. Bxc4 e6 7. 0-0 Bb4 8. Re1 Bxc3 9. bxc3 Ne7 10. Ba3 b5 11. Bf1 0-0 12. Ne5 Kh8 13. Qg4 Qc7 14. Nxg6+ fxg6 15. Qxe6 Qf4 16. f3 Re8 17. Bc1 Qc7 18. Bb2 Nd7 19. Qb3 a6 20. a4 Rab8 21. axb5 cxb5 22. Rxa6 Rec8 23. Rea1 b4 24. c4 Nc6 25. Qa4 Nb6 26. Qb3 Qb7 27. d5 Ne7 28. Ra7 Qc7 29. Rxc7 Rxc7 30. d6 1-0

[Event "GER-chT Federal Cup (Women)"]
[Site "Braunfels"]
[Date "2014.06.20"]
[Round "3.8"]
[White "Gottschall, Ina"]
[Black "Niedermaier, Barbara"]
[Result "0-1"]
[WhiteElo "1626"]
[BlackElo "1831"]
[PlyCount "86"]
[EventDate "2014.06.19"]
[EventType "team-swiss"]
[EventRounds "5"]
[EventCountry "GER"]
[SourceTitle "EXT 2015"]
[Source "ChessBase"]
[SourceDate "2014.11.20"]
[SourceVersion "1"]
[SourceVersionDate "2014.11.20"]
[SourceQuality "1"]
[WhiteTeam "Sachsen (W)"]
[BlackTeam "Bayern (W)"]
[WhiteTeamCountry "GER"]
[BlackTeamCountry "GER"]

1. d4 d5 2. c4 e6 3. Nc3 c5 4. cxd5 exd5 5. dxc5 d4 6. Ne4 Bf5 7. Ng3 Bg6 8. e4 Bxc5 9. Bb5+ Nc6 10. Qa4 Nge7 11. Nf3 0-0 12. 0-0 Qb6 13. a3 a6 14. Be2 Bd6 15. Rd1 Bxg3 16. hxg3 Bxe4 17. Nxd4 Nxd4 18. Qxd4 Qc6 19. f3 Bc2 20. Re1 Rad8 21. Qc4 Qb6+ 22. Kh2 Bb3 23. Qe4 Ng6 24. Be3 Qf6 25. Qxb7 Rb8 26. Qxa6 Qxb2 27. Reb1 Qe5 28. Bc1 Rfe8 29. Bf1 Qb5 30. Kg1 Qc5+ 31. Kh2 Rb6 32. Qd3 Bc2 33. Qd7 Re5 34. Qd8+ Nf8 35. g4 Bxb1 36. Bf4 Re1 37. Bd3 Qg1+ 38. Kh3 Rb2 39. Bd6 Qxg2+ 40. Kh4 Rh1+ 41. Kg5 Qd2+ 42. Bf4 f6+ 43. Kf5 Bxd3+ 0-1

[Event "EU-chT Seniors 15th"]
[Site "Dresden"]
[Date "2013.07.27"]
[Round "8"]
[White "Gottschall, Ina"]
[Black "Pfeiffer, Alfred"]
[Result "1/2-1/2"]
[WhiteElo "1731"]
[BlackElo "2077"]
[PlyCount "101"]
[EventDate "2013.07.20"]
[EventType "team-swiss"]
[EventRounds "9"]
[EventCountry "GER"]
[SourceTitle "CBM 155 Extra"]
[Source "ChessBase"]
[SourceDate "2013.08.26"]
[SourceVersion "1"]
[SourceVersionDate "2013.08.26"]
[SourceQuality "1"]
[WhiteTeam "Germany (W)"]
[BlackTeam "Chemnitz USG"]
[WhiteTeamCountry "GER"]
[BlackTeamCountry "GER"]

1. d4 Nf6 2. c4 e6 3. Nc3 Bb4 4. Qc2 c5 5. Nf3 Nc6 6. e3 d5 7. dxc5 Qa5 8. Nd2 d4 9. Nce4 dxe3 10. Nxf6+ gxf6 11. fxe3 Qxc5 12. Qb3 a5 13. a3 a4 14. Qd3 Ne5 15. Qd4 Bxd2+ 16. Bxd2 Qc6 17. Bb4 b6 18. 0-0-0 Bb7 19. Qd6 Qxd6 20. Rxd6 Nd7 21. Rd2 0-0-0 22. Rg1 Rhg8 23. g3 f5 24. Be2 Ne5 25. Rgd1 Rxd2 26. Rxd2 Ng4 27. Bxg4 Rxg4 28. Rd4 Ba6 29. c5 Rxd4 30. exd4 Kc7 31. cxb6+ Kxb6 32. Kd2 Bc4 33. Ke3 Kc6 34. Kf4 Kd5 35. Ke3 Bb3 36. Bc3 f6 37. Kf4 Bc2 38. Ke3 e5 39. dxe5 fxe5 40. Ba5 Bb3 41. Bb4 Bc4 42. Ba5 Bf1 43. Bb4 Bh3 44. Ba5 h5 45. Bd8 Bg4 46. h4 Bd1 47. Ba5 Bb3 48. Bc3 Bc4 49. Bb4 Bb5 50. Bc3 Be8 51. Ba5 1/2-1/2

[Event "EU-chT Seniors 15th"]
[Site "Dresden"]
[Date "2013.07.24"]
[Round "5"]
[White "Gottschall, Ina"]
[Black "Fleuch, Hans Juergen"]
[Result "0-1"]
[WhiteElo "1731"]
[BlackElo "2064"]
[PlyCount "124"]
[EventDate "2013.07.20"]
[EventType "team-swiss"]
[EventRounds "9"]
[EventCountry "GER"]
[SourceTitle "CBM 155 Extra"]
[Source "ChessBase"]
[SourceDate "2013.08.26"]
[SourceVersion "1"]
[SourceVersionDate "2013.08.26"]
[SourceQuality "1"]
[WhiteTeam "Germany (W)"]
[BlackTeam "BSW/DBAG"]
[WhiteTeamCountry "GER"]
[BlackTeamCountry "GER"]

1. d4 Nc6 2. c4 d5 3. Nf3 Bg4 4. e3 e6 5. cxd5 exd5 6. Be2 Bb4+ 7. Nc3 Qd7 8. 0-0 Nf6 9. Qb3 0-0 10. Ne5 Nxe5 11. dxe5 Bxc3 12. Bxg4 Nxg4 13. Qxc3 f6 14. exf6 Nxf6 15. b3 Rae8 16. Bb2 c6 17. Rad1 Qe6 18. Rde1 Rf7 19. Qd4 b6 20. b4 Nd7 21. Ba3 Ne5 22. f3 Nc4 23. Bc1 Qe5 24. Qxe5 Rxe5 25. e4 Rfe7 26. Rd1 dxe4 27. fxe4 Rxe4 28. Bg5 Re8 29. Rd7 Ne5 30. Rxa7 h6 31. Bf4 Nd3 32. Bd2 R8e7 33. Ra6 Re2 34. Bc3 Rc2 35. Bd4 Ree2 36. Ra8+ Kh7 37. Kh1 Rxg2 38. Bg1 Nxb4 39. a3 Nd5 40. Ra7 Rg6 41. Ra8 c5 42. Rd8 Nf6 43. Rb8 Nd7 44. Rb7 Ne5 45. Rb8 Nc4 46. a4 Ra2 47. Ra8 Re2 48. Rf2 Re4 49. Rd8 Reg4 50. Rf1 Ne5 51. a5 bxa5 52. Bxc5 a4 53. Rff8 Rc6 54. Rh8+ Kg6 55. Rd6+ Rxd6 56. Bxd6 Nd3 57. h3 Rd4 58. Ba3 Nf2+ 59. Kg2 Nxh3 60. Ra8 Nf4+ 61. Kf3 Rd3+ 62. Kxf4 Rxa3 0-1

[Event "EU-chT Seniors 15th"]
[Site "Dresden"]
[Date "2013.07.22"]
[Round "3"]
[White "Pitzl, Konstantinos"]
[Black "Gottschall, Ina"]
[Result "1/2-1/2"]
[WhiteElo "2055"]
[BlackElo "1731"]
[PlyCount "100"]
[EventDate "2013.07.20"]
[EventType "team-swiss"]
[EventRounds "9"]
[EventCountry "GER"]
[SourceTitle "CBM 155 Extra"]
[Source "ChessBase"]
[SourceDate "2013.08.26"]
[SourceVersion "1"]
[SourceVersionDate "2013.08.26"]
[SourceQuality "1"]
[WhiteTeam "Steiermark"]
[BlackTeam "Germany (W)"]
[WhiteTeamCountry "AUT"]
[BlackTeamCountry "GER"]

1. Nf3 Nf6 2. g3 d5 3. Bg2 g6 4. 0-0 Bg7 5. c4 0-0 6. cxd5 Nxd5 7. Nc3 e6 8. d4 b6 9. e4 Nxc3 10. bxc3 Ba6 11. Re1 c5 12. e5 Bb7 13. Bg5 Qc7 14. Qd2 Qc6 15. Nh4 Qc7 16. Bxb7 Qxb7 17. dxc5 bxc5 18. Rad1 Nc6 19. Qd6 h6 20. Bf6 Rac8 21. Qxc5 g5 22. Ng2 Nb8 23. Qd4 Qc7 24. h4 Bxf6 25. exf6 Qxc3 26. hxg5 Qxd4 27. Rxd4 hxg5 28. Rg4 Rc5 29. f4 Rfc8 30. fxg5 Nd7 31. g6 Ne5 32. gxf7+ Kxf7 33. Rxe5 Rxe5 34. Rg7+ Kxf6 35. Rxa7 Rc1+ 36. Kf2 Rc2+ 37. Kf3 Rc3+ 38. Kf2 Rb5 39. Ne3 Rb2+ 40. Kf3 Rd2 41. Ra4 Rdd3 42. Rf4+ Ke7 43. Re4 Ra3 44. Ke2 Rd8 45. g4 Rxa2+ 46. Kf3 Ra3 47. Kf4 Rf8+ 48. Kg5 Rg8+ 49. Kf4 Rf8+ 50. Kg5 Rg8+ 1/2-1/2

[Event "GER-chT Federal Cup (Women)"]
[Site "Braunfels"]
[Date "2013.05.31"]
[Round "2.8"]
[White "Gottschall, Ina"]
[Black "Wallrabenstein, Sonja"]
[Result "1-0"]
[WhiteElo "1710"]
[BlackElo "1039"]
[PlyCount "55"]
[EventDate "2013.05.30"]
[EventType "team-swiss"]
[EventRounds "5"]
[EventCountry "GER"]
[SourceTitle "EXT 2014"]
[Source "ChessBase"]
[SourceDate "2013.11.20"]
[SourceVersion "1"]
[SourceVersionDate "2013.11.20"]
[SourceQuality "1"]
[WhiteTeam "Sachsen (W)"]
[BlackTeam "Hessen (W) II"]
[WhiteTeamCountry "GER"]
[BlackTeamCountry "GER"]

1. d4 g6 2. c4 Bg7 3. Nc3 d6 4. e4 Bd7 5. f4 b6 6. Nf3 c5 7. d5 e5 8. fxe5 Bxe5 9. Nxe5 dxe5 10. Be2 Qh4+ 11. g3 Qf6 12. Rf1 Qg7 13. Bg4 Bxg4 14. Qxg4 Nf6 15. Qc8+ Ke7 16. Qc7+ Nbd7 17. Bg5 Rhc8 18. Bxf6+ Qxf6 19. Qxd7+ Kxd7 20. Rxf6 Ke7 21. Rf3 a6 22. 0-0-0 Rd8 23. d6+ Ke6 24. Nd5 Ra7 25. Rf6+ Kd7 26. Rxf7+ Kc6 27. Rxa7 Rxd6 28. Ne7# 1-0

[Event "GER-chT Federal Cup (Women)"]
[Site "Braunfels"]
[Date "2013.05.31"]
[Round "3.8"]
[White "Suhr, Michaela"]
[Black "Gottschall, Ina"]
[Result "0-1"]
[WhiteElo "1055"]
[BlackElo "1710"]
[PlyCount "114"]
[EventDate "2013.05.30"]
[EventType "team-swiss"]
[EventRounds "5"]
[EventCountry "GER"]
[SourceTitle "EXT 2014"]
[Source "ChessBase"]
[SourceDate "2013.11.20"]
[SourceVersion "1"]
[SourceVersionDate "2013.11.20"]
[SourceQuality "1"]
[WhiteTeam "Schleswig Holstein (W)"]
[BlackTeam "Sachsen (W)"]
[WhiteTeamCountry "GER"]
[BlackTeamCountry "GER"]

1. e4 g6 2. d4 d6 3. Nf3 Bg7 4. d5 Nf6 5. Nc3 0-0 6. Bd3 Bg4 7. h3 Bxf3 8. Qxf3 Nbd7 9. Bf4 c6 10. 0-0 Nh5 11. Bd2 Ne5 12. Qe2 Rc8 13. Rab1 c5 14. b3 a6 15. Nd1 b5 16. c4 b4 17. Be3 Qa5 18. Rb2 Nxd3 19. Rc2 Ne5 20. Qd2 Nd7 21. Re1 Rfe8 22. Bh6 Bh8 23. Ne3 Bc3 24. Qc1 Bxe1 25. Qxe1 Ne5 26. Ng4 f6 27. Qe2 Nf7 28. Qe3 Qc7 29. f4 Nxh6 30. Nxh6+ Kg7 31. f5 g5 32. Ng4 Ra8 33. Qf3 Kh8 34. Nh6 Ng7 35. g3 Rf8 36. h4 Qd7 37. Rf2 Qe8 38. hxg5 Qh5 39. Qf4 Qxg5 40. Qxg5 fxg5 41. Ng4 Nh5 42. Kg2 Kg7 43. Nh2 Nf6 44. Re2 Nd7 45. g4 Ne5 46. Rd2 a5 47. Nf3 Nxf3 48. Kxf3 a4 49. Re2 axb3 50. axb3 Ra3 51. Re3 Kf6 52. Kg3 Ke5 53. Kf3 Rf6 54. Rd3 Rh6 55. Kg3 Ra2 56. Re3 Rhh2 57. Kf3 Rh3# 0-1

[Event "GER-chT Federal Cup (Women)"]
[Site "Braunfels"]
[Date "2012.06.09"]
[Round "4.8"]
[White "Elborg, Cornelia"]
[Black "Gottschall, Ina"]
[Result "1/2-1/2"]
[WhiteElo "1532"]
[BlackElo "1721"]
[PlyCount "56"]
[EventDate "2012.06.07"]
[EventType "team-swiss"]
[EventRounds "5"]
[EventCountry "GER"]
[SourceTitle "CBM 149 Extra"]
[Source "ChessBase"]
[SourceDate "2012.08.24"]
[SourceVersion "1"]
[SourceVersionDate "2012.08.24"]
[SourceQuality "1"]
[WhiteTeam "Niedersachsen (W)"]
[BlackTeam "Sachsen (W)"]
[WhiteTeamCountry "GER"]
[BlackTeamCountry "GER"]

1. e4 d6 2. d4 Nf6 3. Bd3 g6 4. Ne2 Bg7 5. c3 0-0 6. f4 c5 7. f5 cxd4 8. fxg6 fxg6 9. cxd4 Ng4 10. Bg5 Nf2 11. Qb3+ Kh8 12. 0-0 Nxd3 13. Rxf8+ Qxf8 14. Qxd3 Nc6 15. Nbc3 Bg4 16. Rf1 Qd8 17. h3 Bxe2 18. Nxe2 Qb6 19. Kh1 Nxd4 20. Nxd4 Qxd4 21. Qxd4 Bxd4 22. Bxe7 Be5 23. Bf6+ Kg8 24. Bxe5 dxe5 25. Rc1 Rf8 26. Rc5 Rf2 27. Rc8+ Rf8 28. Rc5 Rf2 1/2-1/2

[Event "GER-chT Federal Cup (Women)"]
[Site "Braunfels"]
[Date "2012.06.08"]
[Round "3.8"]
[White "Gottschall, Ina"]
[Black "Froehlich Dill, Astrid"]
[Result "0-1"]
[WhiteElo "1721"]
[BlackElo "1954"]
[PlyCount "68"]
[EventDate "2012.06.07"]
[EventType "team-swiss"]
[EventRounds "5"]
[EventCountry "GER"]
[SourceTitle "CBM 149 Extra"]
[Source "ChessBase"]
[SourceDate "2012.08.24"]
[SourceVersion "1"]
[SourceVersionDate "2012.08.24"]
[SourceQuality "1"]
[WhiteTeam "Sachsen (W)"]
[BlackTeam "Hessen (W)"]
[WhiteTeamCountry "GER"]
[BlackTeamCountry "GER"]

1. d4 Nf6 2. c4 e6 3. Nc3 Bb4 4. Bg5 h6 5. Bh4 c5 6. a3 Bxc3+ 7. bxc3 Qa5 8. Rc1 Ne4 9. dxc5 Qxa3 10. Qc2 Nc6 11. Nf3 Nxc5 12. e3 0-0 13. Be2 a5 14. 0-0 Nb3 15. Rb1 a4 16. Nd2 Nca5 17. Bg3 d6 18. Ne4 e5 19. Rfd1 Be6 20. Nxd6 Qc5 21. Ne4 Qc7 22. Nd2 f5 23. Nf3 f4 24. exf4 exf4 25. Bh4 Bf5 26. Bd3 Bxd3 27. Qxd3 Qxc4 28. Qxc4+ Nxc4 29. Nd4 g5 30. Bxg5 hxg5 31. Ne6 Ncd2 32. Rb2 a3 33. Ra2 Rfc8 34. Nxg5 Rxc3 0-1

[Event "Siebenlehn op 11th"]
[Site "Siebenlehn"]
[Date "2010.12.27"]
[Round "1"]
[White "Uhlemann, Marek"]
[Black "Gottschall, Ina"]
[Result "1-0"]
[WhiteElo "2165"]
[BlackElo "1665"]
[PlyCount "43"]
[EventDate "2010.12.27"]
[EventType "swiss"]
[EventRounds "7"]
[EventCountry "GER"]
[SourceTitle "EXT 2012"]
[Source "ChessBase"]
[SourceDate "2011.11.24"]
[SourceVersion "1"]
[SourceVersionDate "2011.11.24"]
[SourceQuality "1"]

1. d4 Nf6 2. c4 c5 3. d5 b5 4. Nd2 g6 5. b3 Bg7 6. Bb2 0-0 7. e4 d6 8. Bd3 Nbd7 9. h3 Qa5 10. Qc2 Ba6 11. Ngf3 bxc4 12. bxc4 Rfb8 13. Bc3 Qc7 14. 0-0 Nb6 15. e5 Nfd7 16. e6 fxe6 17. Bxg7 Kxg7 18. Ng5 Nf8 19. dxe6 d5 20. cxd5 Bxd3 21. Qc3+ Kg8 22. Nf7 1-0